Adverse possession: intention to possess (Record no. 67517)
[ view plain ]
| 000 -LEADER | |
|---|---|
| fixed length control field | 01460cam a2200241 4500 |
| 001 - CONTROL NUMBER | |
| control field | WB3725-29 |
| 008 - FIXED-LENGTH DATA ELEMENTS--GENERAL INFORMATION | |
| fixed length control field | 000000n2001 000 0 eng u |
| 035 ## - SYSTEM CONTROL NUMBER | |
| System control number | (Sirsi) u113337 |
| 245 ## - TITLE STATEMENT | |
| Title | Adverse possession: intention to possess |
| 260 ## - PUBLICATION, DISTRIBUTION, ETC. | |
| Date of publication, distribution, etc. | 2001 |
| 490 ## - SERIES STATEMENT | |
| Series statement | Estates Gazette |
| Volume/sequential designation | [2001] 25 EG 157 (CS) |
| 520 ## - SUMMARY, ETC. | |
| Summary, etc. | "Lambeth LBC v Blackburn", CA 14 June 2001. The defendant broke into and occupied council premises for over 12 years. The claimant council issued proceedings seeking possession of the property. The defendant claimed right of possession and title to property by adverse possession. The judge found that physical possession did not constitute an intention to possess. The defendant appealed contending his actions of breaking and replacing the council's padlock demonstrated an intention to possess. "Held", appeal allowed on the grounds that the defendant's intentions should be judged on his actions. Copy of judgement available on http://porch.ccta.gov.uk/courtser/judgements.nsf/Search/C47E7E1A7CC1611880256A7200331935?OpenDocument |
| 590 ## - LOCAL NOTE (RLIN) | |
| Local note | WB |
| 650 ## - SUBJECT ADDED ENTRY--TOPICAL TERM | |
| Topical term or geographic name entry element | ADVERSE POSSESSION |
| 650 ## - SUBJECT ADDED ENTRY--TOPICAL TERM | |
| Topical term or geographic name entry element | INTENTION |
| 650 ## - SUBJECT ADDED ENTRY--TOPICAL TERM | |
| Topical term or geographic name entry element | SQUATTERS |
| 650 ## - SUBJECT ADDED ENTRY--TOPICAL TERM | |
| Topical term or geographic name entry element | LAMBETH LBC V BLACKBURN |
| 650 ## - SUBJECT ADDED ENTRY--TOPICAL TERM | |
| Topical term or geographic name entry element | LAND REGISTRATION ACT 1925 |
| 650 ## - SUBJECT ADDED ENTRY--TOPICAL TERM | |
| Topical term or geographic name entry element | LIMITATION ACT 1980 |
| 690 ## - LOCAL SUBJECT ADDED ENTRY--TOPICAL TERM (OCLC, RLIN) | |
| Topical term or geographic name as entry element | PROPERTY AND LAND LAW-CASE LAW |
| 856 ## - ELECTRONIC LOCATION AND ACCESS | |
| Uniform Resource Identifier | <a href="https://porch.ccta.gov.uk/courtser/judgements.nsf/Search/C47E7E1A7CC1611880256A7200331935?OpenDocument">https://porch.ccta.gov.uk/courtser/judgements.nsf/Search/C47E7E1A7CC1611880256A7200331935?OpenDocument</a> |
| 942 ## - ADDED ENTRY ELEMENTS (KOHA) | |
| Suppress in OPAC | 0 |
| Withdrawn status | Lost status | Source of classification or shelving scheme | Damaged status | Not for loan | Home library | Current library | Shelving location | Date acquired | Total Checkouts | Full call number | Barcode | Date last seen | Copy number | Price effective from | Koha item type |
|---|---|---|---|---|---|---|---|---|---|---|---|---|---|---|---|
| Dewey Decimal Classification | London | London | News article | 28/06/2001 | WB3725-29 | 113337-1001 | 06/08/2019 | 1 | 06/08/2019 | Law report |